Statystyki dla 10 Najwartościowszych Polaków

Kliknij tutaj aby rozwiązać quiz!

Ogólne statystyki

  • Ten quiz został rozwiązany 213 razy
  • Średni wynik to 7 z 10

Statystyki odpowiedzi

WartośćPiłkarz% Poprawnych
56 mlnLewandowski
100%
32 mlnSzczęsny
89%
32 mlnMilik
86%
32 mlnZieliński
84%
16 mlnKrychowiak
76%
21,5 mlnPiątek
74%
12 mlnBednarek
58%
11 mlnLinetty
45%
6,5 mlnBereszyński
41%
11 mlnDrągowski
24%

Rozkład punktacji

Percentyl według liczby udzielonych odpowiedzi

Procent ludzi z każdym wynikiem

Twoja historia wyników

Nie rozwiązałeś tego quizu